000 01688nam a2200409 a 4500
001 ebr10267613
003 CaPaEBR
006 m u
007 cr cn|||||||||
008 071203s2008 pau sb 001 0 eng
010 _z 2007049496
020 _z9781592136766 (cloth : alk. paper)
020 _z1592136761 (cloth : alk. paper)
020 _z9781592136773 (pbk. : alk. paper)
020 _z159213677X (pbk. : alk. paper)
040 _aCaPaEBR
_cCaPaEBR
035 _a(OCoLC)302360614
043 _an-us---
050 1 4 _aLB1134
_b.L48 2008eb
082 0 4 _a372.119/2
_222
100 1 _aLevenstein, Phyllis,
_d1916-
245 1 0 _aMessages from home
_h[electronic resource] :
_bthe parent-child home program for overcoming educational disadvantage /
_cPhyllis Levenstein and Susan Levenstein.
250 _aRev. and updated ed.
260 _aPhiladelphia PA :
_bTemple University Press,
_cc2008.
300 _axxix, 258 p.
504 _aIncludes bibliographical references (p. [233]-247) and index.
533 _aElectronic reproduction.
_bPalo Alto, Calif. :
_cebrary,
_d2013.
_nAvailable via World Wide Web.
_nAccess may be limited to ebrary affiliated libraries.
650 0 _aChild development
_zUnited States.
650 0 _aLearning ability.
650 0 _aEducation, Preschool
_xParent participation
_zUnited States.
650 0 _aMother and child
_zUnited States.
650 0 _aAcademic achievement
_zUnited States.
655 7 _aElectronic books.
_2local
700 1 _aLevenstein, Susan.
710 2 _aebrary, Inc.
856 4 0 _uhttp://site.ebrary.com/lib/rucke/Doc?id=10267613
_zAn electronic book accessible through the World Wide Web; click to view
999 _c9545
_d9545